000 00662nam a22001815i 4500
001 167423
003 ES-MaACL
005 20231206063250.0
008 960411s1876 sp |||| | spa d
040 _aCYL
_bspa
_cCYL
100 1 _aVicuña, Gumersindo,
_d1840-1890
_9114406
245 1 0 _aProgresos industriales (1875) /
_cpor G. Vicuña.
260 _aMadrid :
_b[s.n.],
_c[s.a.] (
_fImprenta y Biblioteca de Instrucción y Recreo)
300 _aVII, [1] en bl., 318, [1] p. ;
_c16 cm.
596 1 _aPalau XXVI, menciona como editor a Medina y Navarro y lo fecha en 1876.
852 _aES-MaACL
_jF-9134
_z-- Enc. pasta
999 _c167423
_d167423